000 00310 a2200157 4500
001 183047
020 _a
040 _cMagnum
100 _aMourĂ£o, Rui
240 1 0 _aBoca de chafariz
_lpor
245 1 0 _aBoca de chafariz
300 _a241
362 0 _a1992
697 _aLITERATURA GERAL
942 _cBK
999 _c183047
_d183047